[Event "Anadalucia-chT"]
[Site "Granada"]
[Date "1991.??.??"]
[Round "4"]
[White "Rodriguez Talavera, Juan Carlos"]
[Black "Medina Garcia, Diego"]
[Result "1-0"]
[WhiteElo "2365"]
[BlackElo "2250"]

1.d4 Nf6 2.Nf3 g6 3.c4 Bg7 4.Nc3 d6 5.e4 O-O 6.Be2 e5 7.O-O Nc6 8.d5 Ne7
9.Ne1 Nd7 10.Nd3 f5 11.Bd2 Nf6 12.f3 f4 13.g4 fxg3 14.hxg3 h6 15.Kg2 g5 16.Nf2 Ng6
17.b4 Rf7 18.c5 Bf8 19.cxd6 cxd6 20.Rc1 Ne8 21.Rh1 Rh7 22.Qb3 h5 23.Rcg1 Bd7
24.Ncd1 Qf6 25.Ne3 Ng7 26.Nh3 Bxh3+ 27.Rxh3 Be7 28.Bd3 Bd8 29.Nf5 Bb6 30.Rgh1 h4
31.Kf1 Rc8 32.Qd1 Nxf5 33.exf5 Ne7 34.g4 Rg7 35.Be4 Kh8 36.Qa4 Nxd5 37.Bxg5 Qxg5
38.Rxh4+ Kg8 39.Rh8+ Kf7 40.Qd7+ Qe7  1-0

[Event "Aandalucia-ch"]
[Site "Granada"]
[Date "1991.??.??"]
[Round "5"]
[White "Manzano, J."]
[Black "Galvez Extremera, Francisco"]
[Result "1/2-1/2"]
[WhiteElo "2280"]
[BlackElo "2100"]

1.d4 Nf6 2.c4 g6 3.Nc3 Bg7 4.e4 d6 5.Nf3 O-O 6.Be2 e5 7.O-O Nc6 8.d5 Ne7
9.Ne1 Nd7 10.Nd3 f5 11.Bd2 Nf6 12.f3 f4 13.g4 h5 14.h3 hxg4 15.hxg4 Nh5 16.gxh5 Nf5
17.Rf2 Qg5+ 18.Rg2 Ng3 19.h6 Bh3 20.Bf1 Bxh6 21.Nf2 Bxg2 22.Bxg2 Nh5 23.Ng4 Nf6
24.Bh3 Rf7 25.Qf1 Rh7 26.Qg2 Bf8 27.Nxf6+ Qxf6 28.Be6+ Kg7 29.Kf2 Be7 30.Rh1 Rah8
31.Rxh7+ Rxh7 32.Ke2 Qf8 33.Bf5 Rh6 34.Nd1 Bh4 35.Be1 Bxe1 36.Kxe1 Qh8 37.Nf2 Qh7
38.Qg5 Rh5 39.Qe7+ Kh8 40.Qf8+ Qg8 41.Qxg8+ Kxg8 42.Bg4 Rh7 43.Nh3 Kf8 44.Ke2 Ke7
45.b4 Kf6 46.c5 b6 47.Kd3 Rh8 48.cxd6 cxd6 49.a4 Rh7 50.Kc4 a6 51.Kb3  1/2-1/2

[Event "Aandalucia-ch"]
[Site "Granada"]
[Date "1991.??.??"]
[Round "6"]
[White "Ruiz Segura, Francisco"]
[Black "Biedma, E."]
[Result "0-1"]
[WhiteElo "2085"]
[BlackElo "2165"]

1.d4 Nf6 2.c4 g6 3.Nc3 Bg7 4.e4 O-O 5.Be2 d6 6.Nf3 e5 7.O-O Nc6 8.d5 Ne7
9.Ne1 Nd7 10.Nd3 f5 11.Bd2 Nf6 12.f3 Kh8 13.c5 Neg8 14.cxd6 cxd6 15.a4 f4
16.Nf2 Nh5 17.Rc1 a6 18.Re1 Bf6 19.a5 Bh4 20.Na4 Bg3 21.Bf1 Qh4 22.hxg3 fxg3
23.Nh3 Bxh3 24.gxh3 Nf4 25.Bxf4 Rxf4 26.Bg2 g5 27.Nb6 Raf8 28.Rc8 R8f6 29.Nd7 Rf7
30.Nxe5 dxe5 31.d6 g4 32.fxg4 Rf2 33.Rf1 Qf6 34.Rc7 Rf8 35.d7 Rxf1+ 36.Qxf1 Qd6
37.Qc1 Rf2 38.Rc3 Qxd7 39.Rxg3 Qd4 40.Qc3 Qxc3 41.bxc3 Ra2 42.Rd3 Rxa5 43.Rd7 b5
44.g5 Ra1+ 45.Bf1 Rc1 46.Rc7 b4 47.c4 b3 48.Rb7 Rc3 49.c5 a5 50.c6 a4 51.c7 Ne7
52.h4 a3 53.h5 a2 54.c8=Q+ Nxc8  0-1

[Event "Graz zt (Women)"]
[Site "Graz"]
[Date "1991.??.??"]
[Round "?"]
[White "Baumann, Claude"]
[Black "Weiss, Ursula"]
[Result "1-0"]
[WhiteElo "2085"]
[BlackElo "2055"]

1.d4 Nf6 2.c4 g6 3.Nc3 Bg7 4.e4 d6 5.Be2 O-O 6.Nf3 e5 7.O-O Nc6 8.d5 Ne7
9.b4 Nd7 10.Ne1 f5 11.f3 f4 12.Nd3 Rf7 13.c5 Nf6 14.Ba3 g5 15.Rc1 Ng6 16.b5 Bf8
17.cxd6 cxd6 18.Qb3 Kh8 19.b6 a6 20.Na4 Ne8 21.Rc3 Rg7 22.Rfc1 h5 23.Nf2 Nh4
24.h3 g4 25.fxg4 hxg4 26.hxg4 Bd7 27.Nb2 Qg5 28.Rh3 f3 29.Rxh4+ Qxh4 30.Qxf3 Nf6
31.Qh3 Rh7 32.Qxh4 Rxh4 33.Rc7 Bxg4 34.Nxg4 Nxg4 35.g3 Rh6 36.Bxg4 Rg6 37.Bf3 Rxg3+
38.Kf2 Rh3 39.Nd1 Be7 40.Rxe7 Rf8 41.Bxd6 Rfxf3+ 42.Ke2 Kg8 43.Rxb7 Rfg3
44.Rc7  1-0

[Event "Graz"]
[Site "Graz"]
[Date "1991.??.??"]
[Round "3"]
[White "Wells, Peter K"]
[Black "Fauland, Alexander"]
[Result "1/2-1/2"]
[WhiteElo "2460"]
[BlackElo "2470"]

1.d4 Nf6 2.c4 g6 3.Nc3 Bg7 4.e4 d6 5.Nf3 O-O 6.Be2 e5 7.O-O Nc6 8.d5 Ne7
9.Ne1 Nd7 10.Nd3 f5 11.Bd2 Kh8 12.b4 Ng8 13.Rc1 Ngf6 14.f3 Nh5 15.g3 a5 16.bxa5 Rxa5
17.a4 Nhf6 18.exf5 gxf5 19.Nb5 Ra8 20.Bc3 Nb6 21.Nb2 Bd7 22.a5 Bxb5 23.axb6 Be8
24.c5 dxc5 25.bxc7 Qxd5 26.Nc4 Ba4 27.Qd3 Bb5 28.Rb1 Ba6 29.Rfd1 Qxd3 30.Bxd3 Nd5
31.Nb6 Nxb6 32.Rxb6 c4 33.Bc2 Kg8 34.Rd7 Rf7 35.Rd8+ Rf8 36.Rd7 Rf7 37.Rd8+ Rf8  1/2-1/2

[Event "Groningen"]
[Site "Groningen"]
[Date "1991.??.??"]
[Round "2"]
[White "Ftacnik, Lubomir"]
[Black "Akopian, Vladimir"]
[Result "1-0"]
[WhiteElo "2575"]
[BlackElo "2590"]

1.d4 Nf6 2.Nf3 g6 3.c4 Bg7 4.Nc3 O-O 5.e4 d6 6.Be2 e5 7.O-O Nc6 8.d5 Ne7
9.Nd2 Nd7 10.b4 f5 11.c5 Nf6 12.f3 f4 13.Nc4 g5 14.a4 Ng6 15.Ba3 Rf7 16.b5 Bf8
17.b6 cxb6 18.cxd6 Ne8 19.Nb5 Bd7 20.Bb2 Qf6 21.Ra2 Nxd6 22.Nbxd6 Bxd6 23.Nxd6 Qxd6
24.Ba3 Qf6 25.Qb3 Rc8 26.Rc2 Rxc2 27.Qxc2 h5 28.Bb5 g4 29.Bxd7 Rxd7 30.Qc8+ Qd8
31.Qxd8+ Rxd8 32.Rc1 Rd7 33.Rc8+ Kf7 34.Kf2 Kf6 35.g3 fxg3+ 36.hxg3 gxf3
37.Kxf3 Kf7 38.Ke3 h4 39.gxh4 Nxh4 40.Rf8+ Kg7 41.Re8 Ng6 42.Ra8 a6 43.Re8 Kf7
44.Re6 b5 45.axb5 axb5 46.Rb6 Nf4 47.Rxb5 Kf6 48.Bb2 Rd6 49.Kf3 Rd7 50.Rb6+ Kf7
51.Rb5 Nd3 52.Bc3 Rc7 53.Ba5 Rc5 54.Rxb7+ Kg6 55.Ra7 Rb5 56.d6 Nc5 57.Bd2 Rb3+
58.Ke2 Nxe4 59.d7 Ng3+ 60.Kd1 Rd3 61.Kc2 e4 62.Ba5  1-0

[Event "Groningen"]
[Site "Groningen"]
[Date "1991.??.??"]
[Round "4"]
[White "Sokolov, Ivan"]
[Black "Piket, Jeroen"]
[Result "1/2-1/2"]
[WhiteElo "2570"]
[BlackElo "2590"]

1.d4 Nf6 2.c4 g6 3.Nc3 Bg7 4.e4 d6 5.Nf3 O-O 6.Be2 e5 7.O-O Nc6 8.d5 Ne7
9.b4 Nh5 10.Qb3 h6 11.c5 f5 12.a4 Kh8 13.Rd1 a6 14.Ra2 fxe4 15.Nxe4 Bf5 16.Ng3 Nf4
17.h3 Bd7 18.Bc4 b5 19.cxb6 cxb6 20.Ne4 b5 21.axb5 axb5 22.Rxa8 Qxa8 23.Bf1 Qb8
24.Bxf4  1/2-1/2

[Event "Pan American-chT"]
[Site "Guarapuava"]
[Date "1991.??.??"]
[Round "?"]
[White "Arencibia, Walter"]
[Black "Hernandez, Gilberto"]
[Result "1/2-1/2"]
[WhiteElo "2530"]
[BlackElo "2525"]

1.d4 Nf6 2.Nf3 g6 3.c4 Bg7 4.Nc3 O-O 5.e4 d6 6.Be2 e5 7.O-O Nc6 8.d5 Ne7
9.Nd2 Nd7 10.b4 f5 11.f3 f4 12.c5 Nf6 13.Nc4 g5 14.Ba3 Ne8 15.Qb3 Ng6 16.Nd1 Rf7
17.Nf2 h5 18.Rfc1 Bf8 19.Rc3 Nf6 20.h3 Rg7 21.Qd1 Nh8 22.cxd6 cxd6 23.b5 Nf7
24.Rac1 Bd7 25.Nd2 Nh6 26.Rc7 g4 27.fxg4 hxg4 28.hxg4 Nhxg4 29.Nxg4 Nxg4
30.Bxg4 Rxg4 31.Nf3 Rg3 32.Kf2 Qe8 33.Qh1 Rc8 34.Rxc8 Bxc8 35.Qh4 Rg4 36.Qh3 Qd8
37.Ke2 Bd7 38.Rh1 Rg7 39.Qh8+ Kf7 40.Kd1 Bxb5 41.Qh5+ Kg8 42.Qh8+ Kf7  1/2-1/2

[Event "Hajduszoboszlo zt (Women)"]
[Site "Hajduszoboszlo"]
[Date "1991.??.??"]
[Round "2"]
[White "Nutu Gajic, Dana"]
[Black "Rajcsanyi, Zita"]
[Result "1-0"]
[WhiteElo "2295"]
[BlackElo "2100"]

1.d4 Nf6 2.c4 g6 3.Nc3 Bg7 4.e4 O-O 5.Nf3 d6 6.Be2 e5 7.O-O Nc6 8.d5 Ne7
9.b4 Nd7 10.Be3 f5 11.Ng5 Nf6 12.f3 h6 13.Ne6 Bxe6 14.dxe6 f4 15.Bf2 c6 16.Qd3 Nc8
17.Bd1 Qe7 18.c5 Rd8 19.Bb3 Kh7 20.Rad1 Ne8 21.Rd2 Nc7 22.Qc4 Bf8 23.Rfd1 Qe8
24.Qe2 b5 25.cxb6 axb6 26.b5 cxb5 27.Nd5 Nxd5 28.Bxd5 Rb8 29.Rb2 Na7 30.Rc1 Rdc8
31.Rbc2 Qd8 32.Rxc8 Rxc8 33.Rxc8 Nxc8 34.Qxb5 Be7 35.Qd7 Kg7 36.g3 fxg3 37.hxg3 Kf6
38.Kg2 g5 39.Qb7 Kg6 40.Qb8 b5 41.Qxb5 h5 42.a4 g4 43.fxg4 hxg4 44.a5 Qf8
45.Qe2  1-0

[Event "Hallsberg op"]
[Site "Hallsberg"]
[Date "1991.??.??"]
[Round "?"]
[White "Hultin, Johan"]
[Black "Georgiev, Vladimir"]
[Result "0-1"]
[WhiteElo "2235"]
[BlackElo "2290"]

1.d4 Nf6 2.c4 g6 3.Nc3 Bg7 4.e4 d6 5.Be2 O-O 6.Nf3 e5 7.O-O Nc6 8.d5 Ne7
9.Ne1 Nd7 10.Nd3 f5 11.Bd2 Kh8 12.Rc1 c5 13.dxc6 Nxc6 14.exf5 gxf5 15.f4 e4
16.Nf2 Bd4 17.Nb5 Bxb2 18.Bc3+ Bxc3 19.Rxc3 Nc5 20.Rh3 Be6 21.Kh1 Qe7 22.Qd2 Rad8
23.Nc3 Qg7 24.Nfd1 Nd4 25.Ne3 Nxe2 26.Nxe2 Nd3 27.Nc3 a6 28.Rb1 Nxf4 29.Rg3 Ng6
30.Ned5 Rc8 31.Nf4 Bxc4 32.Qxd6 Rfd8 33.Qb6 Bf7 34.Nce2 Qe5 35.Rf1 Rd7 36.Rg5 Rc6
37.Qe3 Nxf4 38.Nxf4 h6 39.Rg3 Kh7 40.h3 Rcd6 41.Qc1 Rd2 42.Qc8 e3 43.Nh5 e2
44.Re1 Rd1 45.Kh2 Rc7  0-1

[Event "Hallsberg op"]
[Site "Hallsberg"]
[Date "1991.??.??"]
[Round "?"]
[White "Holst, Allan"]
[Black "Reinderman, Dimitri"]
[Result "1/2-1/2"]
[WhiteElo "2300"]
[BlackElo "2390"]

1.d4 g6 2.c4 Bg7 3.Nc3 d6 4.e4 Nf6 5.Nf3 O-O 6.Be2 e5 7.O-O Nc6 8.d5 Ne7
9.b4 Nh5 10.c5 h6 11.Nd2 Nf4 12.Nc4 f5 13.f3 g5 14.cxd6 cxd6 15.Nb5 a6 16.Nbxd6 b5
17.Nxc8 Rxc8 18.Na5 fxe4 19.fxe4 Qb6+ 20.Kh1 Nxe2 21.Rxf8+ Rxf8 22.Qxe2 Qd4
23.Bb2 Qxb4 24.Nc6 Nxc6 25.dxc6 Qc4 26.Qxc4+  1/2-1/2

[Event "Hamburg HSK"]
[Site "Hamburg"]
[Date "1991.??.??"]
[Round "3"]
[White "Chuchelov, Vladimir"]
[Black "Joecks, Christian"]
[Result "1-0"]
[WhiteElo "2435"]
[BlackElo "2355"]

1.d4 Nf6 2.Nf3 g6 3.c4 Bg7 4.Nc3 O-O 5.e4 d6 6.Be2 e5 7.O-O Nc6 8.d5 Ne7
9.Nd2 a5 10.a3 Nd7 11.Rb1 f5 12.b4 Kh8 13.Qc2 Ng8 14.exf5 gxf5 15.f4 e4 16.Nb3 axb4
17.axb4 c5 18.bxc5 Nxc5 19.Be3 Nxb3 20.Qxb3 Nf6 21.Bb6 Qe7 22.Nb5 Bd7 23.Nc7 Rac8
24.Rfd1 Ne8 25.Nxe8 Bxe8 26.Be3 b5 27.c5 dxc5 28.d6 Qa7 29.Bxb5 Bf7 30.Qa4 Qxa4
31.Bxa4 Bd4 32.Bxd4+ cxd4 33.Rxd4 Be6 34.d7 Rcd8 35.Rb6 Bg8 36.g4 e3 37.g5 Kg7
38.Kf1  1-0

[Event "Hania op"]
[Site "Hania"]
[Date "1991.??.??"]
[Round "2"]
[White "Blees, Albert"]
[Black "Kotronias, Vasilios"]
[Result "1-0"]
[WhiteElo "2380"]
[BlackElo "2520"]

1.d4 Nf6 2.Nf3 g6 3.c4 Bg7 4.Nc3 O-O 5.e4 d6 6.Be2 e5 7.O-O Nc6 8.d5 Ne7
9.Bg5 Nd7 10.Nd2 f5 11.f3 f4 12.Bh4 h5 13.b4 Bh6 14.Nb5 g5 15.Bf2 Nf6 16.c5 a6
17.Nxc7 Qxc7 18.cxd6 Qxd6 19.Nc4 Qd8 20.Nxe5 Nd7 21.Nc4 Bg7 22.Rc1 Ng6 23.d6 Nge5
24.Qd5+ Kh7 25.Nxe5 Nxe5 26.Rc7 Bd7 27.Bd4 Qe8 28.Bxe5 Bxe5 29.Rxd7+ Qxd7
30.Qxe5 Qg7 31.Qd5 Rae8 32.Rc1 Re5 33.Qd4 Rf7 34.Rc8 Re6 35.Qxg7+ Rxg7 36.Rd8 Rgg6
37.e5 Rxe5 38.Bd3 Rd5 39.Be4 Rd1+ 40.Kf2 Kg7 41.Rd7+ Kh6 42.Bxg6 Kxg6 43.Ke2 Rd4
44.Rxb7 Rxd6 45.Rc7 Re6+ 46.Kd2 g4 47.Rd7 gxf3 48.gxf3 Kg5 49.Rd5+ Kh4 50.Rf5 Kh3
51.Rxf4 Rh6 52.a4 Kxh2 53.Ke3 Kg3 54.b5 axb5 55.axb5 Rg6 56.Rb4 Rf6 57.f4 Re6+
58.Kd4 Re8 59.f5 h4 60.f6 h3 61.b6 h2 62.Rb1 Rd8+ 63.Ke5 Kg2 64.f7 h1=Q 65.Rxh1 Kxh1
66.Kf6 Rb8 67.Kg7 Rb7 68.Kg8 Rxb6 69.f8=Q Rg6+ 70.Kh7 Rg3 71.Qf1+ Kh2 72.Kh6 Rg2
73.Kh5 Kg3 74.Qc4 Kh2 75.Kh4 Kg1 76.Qc5+ Kh2 77.Qd4 Kh1  1-0

[Event "Hannover"]
[Site "Hannover"]
[Date "1991.??.??"]
[Round "5"]
[White "Boensch, Uwe"]
[Black "Wahls, Matthias"]
[Result "1-0"]
[WhiteElo "2535"]
[BlackElo "2560"]

1.d4 Nf6 2.c4 g6 3.Nc3 Bg7 4.e4 d6 5.Be2 O-O 6.Nf3 e5 7.O-O Nc6 8.d5 Ne7
9.Nd2 c5 10.a3 Ne8 11.b4 b6 12.Nb3 f5 13.Bd2 Nf6 14.f3 Kh8 15.Qc2 Neg8 16.exf5 Bxf5
17.Bd3 Nh5 18.bxc5 bxc5 19.Rae1 Bh6 20.Ne2 Rb8 21.Bxf5 Bxd2 22.Nxd2 gxf5
23.f4 e4 24.Qc3+ Qf6 25.Qxf6+ Ngxf6 26.Rb1 Nd7 27.Rfc1 Kg7 28.Nf1 Kg6 29.Ne3 Ng7
30.Nc3 a6 31.g3 h5 32.Ng2 Nb6 33.Nd1 Na4 34.Kf2 Kf6 35.Ke1 Rg8 36.Kd2 Rgd8
37.Kc2 Nb6 38.Nde3 Nd7 39.Nh4 Rdc8 40.Rg1 Rd8 41.h3 Rh8 42.Rxb8 Rxb8 43.g4 hxg4
44.hxg4 fxg4 45.Nxg4+ Kf7 46.Nh6+ Kf8 47.N4f5 Nxf5 48.Rg8+ Ke7 49.Nxf5+ Kf6
50.Rxb8 Nxb8 51.Nxd6 Nd7 52.a4 a5 53.Nxe4+ Kf5 54.Nd6+ Kxf4 55.Nb7 Ke4 56.Kc3 Ke3
57.Nxa5 Nb6 58.Kb3 Kd3 59.d6 Ke4 60.Nb7 Ke5 61.a5 Nd7 62.Ka4  1-0

[Event "Hartberg op"]
[Site "Hartberg"]
[Date "1991.??.??"]
[Round "8"]
[White "Epishin, Vladimir"]
[Black "Vukic, Milan"]
[Result "1/2-1/2"]
[WhiteElo "2620"]
[BlackElo "2500"]

1.d4 Nf6 2.c4 g6 3.Nc3 Bg7 4.e4 d6 5.Nf3 O-O 6.Be2 e5 7.O-O Nc6 8.d5 Ne7
9.Nd2 a5 10.Rb1 Nd7 11.a3 f5 12.b4 Kh8 13.f3 Ng8 14.Qc2 Ngf6 15.Nb5 axb4
16.axb4 Nh5 17.g3 Ndf6 18.c5 fxe4 19.fxe4 Bh3 20.Rf2 Ng4 21.Rf3 Nhf6 22.Nc4 Ne8
23.Rxf8+ Bxf8 24.Bb2 Kg8 25.Qb3 Bg7 26.Bf1 Bxf1 27.Rxf1 h5 28.Na5 Qb8 29.h3 Ngf6
30.Qc4 Kh7 31.Kg2 dxc5 32.Bxe5 cxb4 33.Qxb4 Nxd5 34.exd5 Bxe5 35.Rf7+ Bg7
36.d6 cxd6 37.Nd4 Qc8 38.Nf3 Qc2+ 39.Nd2 Qa2 40.Nb3 Qa6 41.Qxb7  1/2-1/2

[Event "Hastings Challengers9192"]
[Site "Hastings"]
[Date "1991.??.??"]
[Round "?"]
[White "Volzhin, Alexander"]
[Black "Hebden, Mark"]
[Result "0-1"]
[WhiteElo "2335"]
[BlackElo "2485"]

1.d4 Nf6 2.c4 g6 3.Nc3 Bg7 4.e4 d6 5.Nf3 O-O 6.Be2 e5 7.O-O Nc6 8.d5 Ne7
9.Nd2 Ne8 10.b4 f5 11.c5 Kh8 12.a4 Ng8 13.Nc4 fxe4 14.Nxe4 Ngf6 15.Nxf6 Nxf6
16.cxd6 cxd6 17.Ba3 Ne4 18.Rc1 Bh6 19.Rc2 Bf5 20.Bd3 Rc8 21.Re1 Nd2 22.Bxf5 Rxc4
23.Bd3 Rxc2 24.Qxc2 Qh4 25.Re2 Bf4 26.h3 Nf3+ 27.gxf3 Qxh3 28.Re1 Bh2+ 29.Kh1 Bg3+
30.Kg1 Rxf3  0-1

[Event "Hastings Challengers9192"]
[Site "Hastings"]
[Date "1991.??.??"]
[Round "?"]
[White "Parker, Jonathan"]
[Black "Gallagher, Joseph G"]
[Result "1-0"]
[WhiteElo "2335"]
[BlackElo "2520"]

1.d4 Nf6 2.c4 g6 3.Nc3 Bg7 4.e4 d6 5.Nf3 O-O 6.Be2 e5 7.O-O Nc6 8.d5 Ne7
9.b4 Nh5 10.Nd2 Nf4 11.Bf3 f5 12.a4 g5 13.exf5 Nxf5 14.g3 Nh3+ 15.Kg2 g4
16.Bxg4 Nxf2 17.Kxf2 Nh6+ 18.Bf3 Ng4+ 19.Kg1 Ne3 20.Qe2 Nxf1 21.Nde4 Bh3
22.Bg5 Qd7 23.Bg2 Bg4 24.Qd3 Nxh2 25.Kxh2 Rf5 26.Bh4 Raf8 27.Nd1 Bh6 28.Ne3 Bxe3
29.Qxe3 Bf3 30.Ra2 Bxg2 31.Kxg2 a6 32.Ng5 R8f6 33.Ne6 Rg6 34.Rf2 Rxf2+ 35.Qxf2 Rxe6
36.dxe6 Qxe6 37.c5 Qc4 38.Be7 h6 39.Qf8+ Kh7 40.Qf5+ Kg7 41.Bf8+ Kg8 42.Bxh6  1-0

[Event "Helsingborg-A"]
[Site "Helsingborg"]
[Date "1991.??.??"]
[Round "?"]
[White "Sandstrom, Ludvig"]
[Black "Lind, Jan Olov"]
[Result "1/2-1/2"]
[WhiteElo "2225"]
[BlackElo "2295"]

1.d4 Nf6 2.c4 g6 3.Nc3 Bg7 4.e4 d6 5.Nf3 O-O 6.Be2 e5 7.O-O Nc6 8.d5 Ne7
9.Ne1 Nd7 10.Nd3 f5 11.Bd2 Nf6 12.f3 c5 13.g4 Bd7 14.Rf2 h6 15.h4 a6 16.Rg2 f4
17.Be1 b5 18.cxb5 axb5 19.b4 c4 20.Nb2 Ra3 21.Bf1 Qb6+ 22.Bf2 Qa6 23.Rc1 Nh7
24.Rc2 Ra8 25.Be1 Qb6+ 26.Kh2 Qb8 27.Rgd2 Bf6 28.Qe2 Nc8 29.Nbd1 Nb6 30.Nb1 R3a7
31.Ndc3 Qd8 32.Qf2 Ra6 33.a3 Qb8 34.Ra2 Bd8 35.Qg1 Nf8 36.Bf2 Na4 37.Nxa4 Rxa4
38.Be2 Be8 39.Bd1 R4a6 40.Ra1 Nd7 41.Rda2 Bb6 42.Nc3 Bxf2 43.Qxf2 Nb6 44.Kg1 Bd7  1/2-1/2

[Event "Helsingborg-B"]
[Site "Helsingborg"]
[Date "1991.??.??"]
[Round "?"]
[White "Johansson, Victoria"]
[Black "Eriksson, Johan"]
[Result "1-0"]
[WhiteElo "2160"]
[BlackElo "2225"]

1.d4 Nf6 2.c4 g6 3.Nc3 Bg7 4.e4 d6 5.Be2 O-O 6.Nf3 e5 7.O-O Nc6 8.d5 Ne7
9.b4 Nh5 10.c5 a5 11.cxd6 cxd6 12.Nb5 axb4 13.Bd2 Nf4 14.Bxb4 Ra6 15.Rc1 f5
16.Nc7 Ra7 17.Ng5 Bh6 18.h4 Bxg5 19.hxg5 fxe4 20.Nb5 Ra6 21.Nc3 Nf5 22.Nxe4 Nxe2+
23.Qxe2 Nd4 24.Qe3 Rxa2 25.Bxd6 Re2 26.Qd3 Rxe4 27.Qxe4 Qxd6 28.Rfe1 Nb3
29.Rc3 Qb6 30.Rce3 Re8 31.Qa4 Qd8 32.Qxb3 Qxg5 33.Qc3 Bd7 34.Rxe5 Rxe5 35.Rxe5 Qg4
36.Re1  1-0

[Event "Helsingborg-B"]
[Site "Helsingborg"]
[Date "1991.??.??"]
[Round "?"]
[White "Johansson, Victoria"]
[Black "Jonsson, M."]
[Result "0-1"]
[WhiteElo "2160"]
[BlackElo "2200"]

1.d4 Nf6 2.Nf3 g6 3.c4 Bg7 4.Nc3 d6 5.e4 O-O 6.Be2 e5 7.O-O Nc6 8.d5 Ne7
9.b4 Nh5 10.c5 Nf4 11.Bxf4 exf4 12.Rc1 h6 13.Re1 g5 14.Nd4 Bxd4 15.Qxd4 Ng6
16.cxd6 cxd6 17.Nb5 a6 18.Nc7 Rb8 19.b5 Ne5 20.Rc3 axb5 21.Bxb5 Qe7 22.Be2 Kh7
23.Rec1 Bd7 24.Qb4 Rfc8 25.Nb5 Bxb5 26.Bxb5 Qd8 27.Rxc8 Rxc8 28.Rxc8 Qxc8
29.Qxd6 Qc3 30.Bf1 Qd4 31.Qe7 Kg7 32.h3 b6 33.d6 Qxe4 34.Qc7 Qd4 35.Bb5 g4
36.d7 g3 37.Qc2 Qa1+ 38.Bf1 Nxd7 39.fxg3 fxg3 40.Qd3 Qe1 41.Qd4+ Nf6 42.Qxb6 Ne4
43.Qb2+ Kg6 44.Qe2 Qb4 45.Qe3 f5 46.a3 Qa5 47.Bc4 Qe5 48.h4 Qf6 49.Bd3 Qa1+
50.Bf1 Qd1 51.Qd3 Qe1 52.Qa6+ Nf6 53.Qe2 Qc1 54.Qd3 Qc5+ 55.Kh1 Qf2 56.Qf3 Qe1
57.Qe2 Qc1 58.Qf3 Ne4 59.Qe2 Qc5 60.Qa6+ Nf6 61.a4 Qe7 62.a5 Kg7 63.Bd3 Ng4
64.h5 Qh4+ 65.Kg1 Qh2+ 66.Kf1 Ne3+ 67.Ke1 Nxg2+ 68.Kd2 Nf4+ 69.Be2 Qf2 70.Qb7+ Kf6
71.Qb6+ Qxb6 72.axb6 g2 73.b7 g1=Q 74.b8=Q Qd4+ 75.Ke1 Nxe2 76.Qf8+ Kg5 77.Qe7+ Kxh5
78.Qf7+ Kh4 79.Kxe2 Qf4 80.Qb3 h5 81.Qa3 Qe4+ 82.Kf2 f4 83.Qf3 Qe5 84.Qe4  0-1

[Event "Helsingborg-B"]
[Site "Helsingborg"]
[Date "1991.??.??"]
[Round "?"]
[White "Solin, Niclas"]
[Black "Jonsson, M."]
[Result "1/2-1/2"]
[WhiteElo "2200"]
[BlackElo "2200"]

1.d4 Nf6 2.c4 g6 3.Nc3 Bg7 4.e4 d6 5.Nf3 O-O 6.Be2 e5 7.O-O Nc6 8.d5 Ne7
9.Ne1 Nd7 10.Nd3 f5 11.Bd2 Nf6 12.f3 Kh8 13.b4 c6 14.a4 f4 15.g4 h5  1/2-1/2

[Event "Helsinki-ch"]
[Site "Helsinki"]
[Date "1991.??.??"]
[Round "?"]
[White "Kanko, Ilkka"]
[Black "Salo, Heikki"]
[Result "1-0"]
[WhiteElo "2310"]
[BlackElo "2240"]

1.d4 Nf6 2.c4 g6 3.Nc3 Bg7 4.e4 d6 5.Be2 O-O 6.Nf3 e5 7.O-O Nc6 8.d5 Ne7
9.Nd2 a5 10.a3 Nd7 11.Rb1 f5 12.b4 Kh8 13.Qc2 Ng8 14.Nb3 axb4 15.axb4 Ndf6
16.f3 Nh6 17.c5 f4 18.Nb5 Ne8 19.Bd2 g5 20.g4 fxg3 21.hxg3 Bh3 22.Rf2 g4
23.f4 c6 24.dxc6 bxc6 25.Nxd6 Nxd6 26.cxd6 Qxd6 27.f5 Nf7 28.Qc5 Qf6 29.Qc1 h5
30.Rh2 Rfc8 31.Nc5 Nd6 32.Bg5 Qf7 33.Qd1 Nb5 34.Bxg4 Nc3 35.Bxh5 Qa7 36.Rxh3 Nxd1
37.Bf7+ Bh6 38.Bf6+ Kh7 39.Bg6+ Kg8 40.Rxh6 Qg7 41.Bxg7 Kxg7 42.Rh7+ Kf6
43.Rxd1  1-0

[Event "Herning"]
[Site "Herning"]
[Date "1991.??.??"]
[Round "?"]
[White "Cebalo, Miso"]
[Black "Mortensen, Erling"]
[Result "1/2-1/2"]
[WhiteElo "2525"]
[BlackElo "2450"]

1.d4 Nf6 2.Nf3 g6 3.c4 Bg7 4.Nc3 O-O 5.e4 d6 6.Be2 e5 7.O-O Nc6 8.Be3 Ng4
9.Bg5 f6 10.Bc1 Nxd4 11.Nxd4 exd4 12.Qxd4 Be6 13.Bxg4 f5 14.Qd3 fxg4 15.Be3 c5
16.Nd5 Rf7 17.Rab1 Be5 18.b4 b6 19.bxc5 bxc5 20.Rb3 Rb8 21.Rfb1 Rxb3 22.Qxb3 Kg7
23.g3 Bxd5 24.exd5 h5 25.Qb8 Qf6 26.Rb7 Qf3 27.Rxf7+ Kxf7 28.Qxa7+ Kf6 29.Qa5 Qd1+
30.Kg2 Qc2 31.Qd8+ Kf7 32.Qd7+ Kg8 33.Qc8+ Kg7 34.Qb7+ Kf6 35.Qb3 Qe4+ 36.Kg1 g5
37.Qb8 Kg7 38.Qd8 Qb1+ 39.Kg2 Qe4+ 40.Kf1 Qd3+ 41.Kg2 Qe4+  1/2-1/2

[Event "Herning"]
[Site "Herning"]
[Date "1991.??.??"]
[Round "?"]
[White "Cebalo, Miso"]
[Black "Watson, William N"]
[Result "1-0"]
[WhiteElo "2525"]
[BlackElo "2525"]

1.d4 Nf6 2.Nf3 g6 3.c4 Bg7 4.Nc3 O-O 5.e4 d6 6.Be2 e5 7.O-O Nc6 8.Be3 Ng4
9.Bg5 f6 10.Bc1 Kh8 11.d5 Ne7 12.h3 Nh6 13.b4 f5 14.c5 f4 15.Bb2 Neg8 16.Rc1 g5
17.Nd2 Nf6 18.cxd6 cxd6 19.Nb5 Rf7 20.Nc4 Nxe4 21.Bf3 a6 22.Nd4 Nxf2 23.Rxf2 exd4
24.Bxd4 Nf5 25.Bxg7+ Kxg7 26.Bg4 Bd7 27.Re2 Rc8 28.Re6 Bxe6 29.dxe6 Rfc7
30.Bxf5 Qf6 31.e7 Qxe7 32.Bxc8 Rxc8 33.Qd4+ Qf6 34.Rd1 Qxd4+ 35.Rxd4 d5 36.Nd2 Rd8
37.Ne4  1-0

[Event "HUN-chT"]
[Site "HUN"]
[Date "1991.??.??"]
[Round "?"]
[White "Lazarev, Vladimir"]
[Black "Hazai, Laszlo"]
[Result "1/2-1/2"]
[WhiteElo "2405"]
[BlackElo "2450"]

1.d4 Nf6 2.c4 g6 3.Nc3 Bg7 4.e4 d6 5.Nf3 O-O 6.Be2 e5 7.O-O Nc6 8.d5 Ne7
9.Ne1 Nd7 10.Nd3 f5 11.Bd2 Nf6 12.f3 f4 13.g4 g5 14.Be1 h5 15.h3 Ng6 16.c5 Rf7
17.Kg2 Bf8 18.b4 Rh7 19.Rh1 Bd7 20.Qb3 hxg4 21.hxg4 Rxh1 22.Kxh1 Kg7 23.Bf2 Be7
24.Kg2 Qc8  1/2-1/2

[Event "HUN-chT"]
[Site "HUN"]
[Date "1991.??.??"]
[Round "?"]
[White "Orso, Miklos"]
[Black "Glatt, Gabor"]
[Result "0-1"]
[WhiteElo "2400"]
[BlackElo "2265"]

1.d4 Nf6 2.Nf3 g6 3.c4 Bg7 4.Nc3 O-O 5.e4 d6 6.Be2 e5 7.O-O Nc6 8.d5 Ne7
9.Ne1 Nd7 10.Nd3 f5 11.Bd2 Nf6 12.f3 f4 13.g4 h5 14.g5 Nh7 15.h4 Nxg5 16.hxg5 Nxd5
17.Rf2 Nxc3 18.Bxc3 Qxg5+ 19.Kf1 Be6 20.c5 dxc5 21.Nxc5 Bh3+ 22.Ke1 Qg1+
23.Bf1 Bxf1 24.Qd5+ Kh8 25.Rxf1 Qe3+ 26.Kd1 Rad8 27.Nd7 c6 28.Qd2 Qxd2+ 29.Kxd2 Rxd7+
30.Kc2 Bf6 31.Rh1 Kh7 32.Rag1 Rfd8 33.Rg2 Kh6  0-1

[Event "HUN-chT"]
[Site "HUN"]
[Date "1991.??.??"]
[Round "?"]
[White "Halasz, Tamas"]
[Black "Forgacs, Gyula"]
[Result "1/2-1/2"]
[WhiteElo "2410"]
[BlackElo "2310"]

1.d4 Nf6 2.Nf3 g6 3.c4 Bg7 4.Nc3 d6 5.e4 O-O 6.Be2 e5 7.O-O Nc6 8.d5 Ne7
9.Ne1 Nd7 10.f3 f5 11.g4 Nf6 12.Ng2 c6 13.Rb1 cxd5 14.cxd5 Bd7 15.Be3 f4
16.Bf2 g5 17.Qd3 h5 18.h3 hxg4 19.hxg4 Kf7 20.Nb5 Bxb5 21.Qxb5 Rh8 22.Be1 Qg8
23.Rc1 Qh7 24.Rc7 Qh2+ 25.Kf2 Qg3+ 26.Kg1  1/2-1/2

[Event "HUN-chT"]
[Site "HUN"]
[Date "1991.??.??"]
[Round "?"]
[White "Farago, Sandor"]
[Black "Hazai, Laszlo"]
[Result "0-1"]
[WhiteElo "2410"]
[BlackElo "2450"]

1.c4 g6 2.Nf3 Bg7 3.d4 Nf6 4.Nc3 d6 5.e4 O-O 6.Be2 e5 7.O-O Nc6 8.d5 Ne7
9.Ne1 Nd7 10.Nd3 f5 11.Bd2 Kh8 12.b4 Ng8 13.f3 f4 14.Rc1 Ndf6 15.c5 h5 16.Nf2 g5
17.cxd6 cxd6 18.Nb5 Ne8 19.a4 Nh6 20.Rc3 Bd7 21.h3 Bf6 22.Qc2 Qb8 23.Rc1 Bd8
24.a5 a6 25.Na3 b5 26.Qd3 Bc7 27.Nb1 Qd8 28.Be1 Bb8 29.Kf1 Rf7 30.Nd2 Nf6
31.Qc2 Rg7 32.Nb3 Kg8 33.Nc5 dxc5 34.bxc5 Ba7 35.d6 g4 36.hxg4 hxg4 37.c6 Nh5
38.Nd3 g3 39.cxd7 Qh4 40.Rc8+ Kh7 41.Bd1 Qh1+ 42.Ke2 Qxg2+ 43.Nf2 gxf2 44.Kd3 fxe1=Q  0-1

[Event "HUN-chT"]
[Site "HUN"]
[Date "1991.??.??"]
[Round "?"]
[White "Deak, Sandor"]
[Black "Hazai, Laszlo"]
[Result "0-1"]
[WhiteElo "2330"]
[BlackElo "2450"]

1.d4 Nf6 2.c4 g6 3.Nc3 Bg7 4.e4 d6 5.Be2 O-O 6.Nf3 e5 7.O-O Nc6 8.Be3 Ng4
9.Bg5 f6 10.Bc1 f5 11.Bg5 Qe8 12.d5 Ne7 13.Nd2 h6 14.Bxe7 Qxe7 15.Bxg4 fxg4
16.Qe2 h5 17.Nd1 Bh6 18.Ne3 h4 19.g3 Qg5 20.Rac1 hxg3 21.hxg3 Qh5 22.Rfe1 Rf7
23.Qf1 Bd7 24.Qg2 Raf8 25.Ndf1 Rxf2 26.Qxf2 Rxf2 27.Kxf2 Qh1 28.Rc3 Qxe4
29.Nd2 Qd4 30.Nb3 Qb6 31.c5 dxc5 32.Rxc5 e4 33.Rc3 Bb5 34.Kg2 Bd3 35.Nxg4 Bg7
36.Rcc1 Bxb2 37.Rcd1 Qb5 38.Nf2 Qxd5 39.Re3 Qg5 40.Ree1 Be5  0-1

[Event "Huy op"]
[Site "Huy"]
[Date "1991.??.??"]
[Round "4"]
[White "Komarov, Dimitri"]
[Black "Vandevoort, Pascal"]
[Result "1-0"]
[WhiteElo "2475"]
[BlackElo "2275"]

1.d4 Nf6 2.Nf3 g6 3.c4 Bg7 4.Nc3 O-O 5.e4 d6 6.Be2 e5 7.O-O Nc6 8.Be3 exd4
9.Nxd4 Re8 10.f3 Nxd4 11.Bxd4 c6 12.Qd2 d5 13.cxd5 cxd5 14.exd5  1-0

[Event "Jyvaskyla op"]
[Site "Jyvaskyla"]
[Date "1991.??.??"]
[Round "2"]
[White "Tuomala, Timo"]
[Black "Watson, William N"]
[Result "0-1"]
[WhiteElo "2220"]
[BlackElo "2505"]

1.Nf3 g6 2.c4 Bg7 3.Nc3 Nf6 4.e4 d6 5.d4 O-O 6.Be2 e5 7.O-O Nc6 8.d5 Ne7
9.Nd2 a5 10.Rb1 Bd7 11.b3 c5 12.a3 Ne8 13.b4 axb4 14.axb4 b6 15.Qb3 Nc8 16.bxc5 bxc5
17.Bb2 Bh6 18.Nf3 Ra6 19.Ra1 Rb6 20.Qc2 f5 21.Rfb1 Nf6 22.exf5 e4 23.fxg6 exf3
24.gxh7+ Nxh7 25.Qg6+ Bg7 26.Bd3 Qh4 27.Na4 Rxb2 28.Nxb2 Ng5 29.g3 Qh3 30.Bf1 Qg4
31.Qc2 Bf5 32.Nd3 Bxd3 33.Qxd3 Nh3+  0-1